Best selling car brands in Australia - Statistics

General Stats
  • This quiz has been taken 122 times
  • The average score is 6 of 10
Answer Stats
Answer % Correct
Toyota
93%
Ford
88%
Hyundai
72%
Mazda
67%
Kia
61%
Mitsubishi
56%
Subaru
54%
Tesla
51%
Isuzu
31%
MG
29%
No matching quizzes found
Score Distribution
Percent of People with Each Score
Percentile by Number Answered
Your Score History
You have not taken this quiz